Cost accounting (Record no. 32313)
[ view plain ]
| 000 -LEADER | |
|---|---|
| fixed length control field | 00519nam a22001697a 4500 |
| 003 - CONTROL NUMBER IDENTIFIER | |
| control field | OSt |
| 005 - DATE AND TIME OF LATEST TRANSACTION | |
| control field | 20220308122952.0 |
| 008 - FIXED-LENGTH DATA ELEMENTS--GENERAL INFORMATION | |
| fixed length control field | 220308b |||||||| |||| 00| 0 eng d |
| 020 ## - INTERNATIONAL STANDARD BOOK NUMBER | |
| International Standard Book Number | 9788120317239 |
| 040 ## - CATALOGING SOURCE | |
| Transcribing agency | HU |
| 082 ## - DEWEY DECIMAL CLASSIFICATION NUMBER | |
| Classification number | 657.42NIG 2000 |
| 100 ## - MAIN ENTRY--PERSONAL NAME | |
| Personal name | Nigam, B. M. L. (Brij Mohan Lall), |
| 9 (RLIN) | 32346 |
| 245 ## - TITLE STATEMENT | |
| Title | Cost accounting |
| Remainder of title | : principles and practice |
| 260 ## - PUBLICATION, DISTRIBUTION, ETC. | |
| Place of publication, distribution, etc. | New Delhi : |
| Name of publisher, distributor, etc. | PHI Learning Private Limited, |
| Date of publication, distribution, etc. | 2010, ©2000. |
| 300 ## - PHYSICAL DESCRIPTION | |
| Extent | xii, 1146 pages |
| Other physical details | : illustrations |
| Dimensions | ; 24 cm |
| 942 ## - ADDED ENTRY ELEMENTS (KOHA) | |
| Source of classification or shelving scheme | Dewey Decimal Classification |
| Koha item type | Books like text book referance book |
| Suppress in OPAC | No |
| Withdrawn status | Lost status | Source of classification or shelving scheme | Damaged status | Not for loan | Collection code | Home library | Current library | Shelving location | Date acquired | Total Checkouts | Full call number | Barcode | Date last seen | Copy number | Price effective from | Koha item type |
|---|---|---|---|---|---|---|---|---|---|---|---|---|---|---|---|---|
| Dewey Decimal Classification | Reference | Wondo Genet Library | Wondo Genet Library | General Stacks | 03/08/2022 | 657.42 NIG 2000 | WGCFNRL00012354 | 03/08/2022 | 1 | 03/08/2022 | Books like text book referance book |